[Event "Kort Paaske 1-1"]
[Site "Svendborg"]
[Date "2019.04.13"]
[Round "1"]
[White "Grotnes, Nils"]
[Black "Sonderskov, Per"]
[Result "1-0"]
[WhiteElo "2180"]
[BlackElo "1747"]
[EventDate "2019.04.13"]
[EventRounds "5"]
[EventCountry "DEN"]
[WhiteFideId "1500317"]
[BlackFideId "1451790"]

1. d4 e6 2. c4 f5 3. g3 Nf6 4. Bg2 Be7 5. Nc3 O-O 6. Qb3 c6 7. Nf3 d5 8. O-O Ne4 9. Bf4 Nd7 10. Rad1 Ndf6 11. Ne5 Nd7 12. Nxe4 fxe4 13. cxd5 Nxe5 14. dxe5 exd5 15. Bxe4 Qc7 16. Bg2 g5 17. Bc1 Qxe5 18. e4 Bg4 19. Rd2 a5 20. exd5 Bb4 21. dxc6+ Be6 22. Qxe6+ Qxe6 23. Bd5 Bxd2 24. Bxe6+ Kg7 25. Bxd2 bxc6 26. Bxg5 Rab8 27. Be3 Kg6 28. b3 Rf6 29. Bc4 Ra8 30. Rd1 a4 31. Rd7 h6 32. Bd3+ Kh5 33. Rg7  1-0

[Event "Kort Paaske 1-1"]
[Site "Svendborg"]
[Date "2019.04.13"]
[Round "1"]
[White "Poulsen, Peter Risgaard"]
[Black "Moller, Albert Mechlenburg"]
[Result "1/2-1/2"]
[WhiteElo "1899"]
[BlackElo "1874"]
[EventDate "2019.04.13"]
[EventRounds "5"]
[EventCountry "DEN"]
[WhiteFideId "1407333"]
[BlackFideId "1447947"]

1. d4 Nf6 2. Nc3 g6 3. Bf4 Bg7 4. Qd2 O-O 5. e4 d6 6. Bh6 c5 7. Bxg7 Kxg7 8. Nf3 cxd4 9. Nxd4 Nc6 10. Be2 Qb6 11. Nb3 a5 12. O-O  1/2-1/2

[Event "Kort Paaske 1-1"]
[Site "Svendborg"]
[Date "2019.04.13"]
[Round "1"]
[White "Nielsen, Aage Sondergaard"]
[Black "Christensen, John Christopher H"]
[Result "1-0"]
[WhiteElo "1911"]
[BlackElo "1826"]
[EventDate "2019.04.13"]
[EventRounds "5"]
[EventCountry "DEN"]
[WhiteFideId "1409859"]
[BlackFideId "1453947"]

1. f4 Nh6 2. Nf3 d5 3. b3 c5 4. g3 Nc6 5. Bg2 Nf5 6. g4 Nfd4 7. Nxd4 cxd4 8. e3 e5 9. O-O e4 10. Ba3 Bxa3 11. Nxa3 Qb6 12. Kh1 O-O 13. Qe2 Qc5 14. Nb1 Qxc2 15. Na3 Qc5 16. Nb1 b6 17. f5 f6 18. a4 Nb4 19. Rg1 Ba6 20. Qf2 Nd3 21. Qg3 dxe3 22. dxe3 Qc2 23. h4 Qf2 24. Kh2 Rac8 25. Na3 Rc3 26. Qxf2 Nxf2 27. Kg3 Nd3 28. Bf1 Rxb3 29. Nc2 Rc8 30. Nd4 Rbc3 31. g5 Kf7 32. Nb5 Bxb5 33. axb5 R8c7 34. Be2 d4 35. exd4 Nc1+ 36. Kf2 Rc2 37. Re1 Nd3+ 38. Ke3 Nxe1 39. Rxe1 R2c3+ 40. Kxe4 Rh3 41. gxf6 Rxh4+ 42. Ke5 gxf6+ 43. Kd6 Rc3 44. d5 Re3 45. Bh5+ Rxh5 46. Rxe3 Rxf5 47. Kc6 h5 48. Rd3 h4 49. Rc3 Ke7 50. Ra3 Kd8 51. Rxa7 h3 52. Rh7  1-0

[Event "Kort Paaske 1-1"]
[Site "Svendborg"]
[Date "2019.04.13"]
[Round "1"]
[White "Oehlerich, Per"]
[Black "Jacobsen, Jonathan Roed Gundorf"]
[Result "1/2-1/2"]
[WhiteElo "1933"]
[BlackElo "1860"]
[EventDate "2019.04.13"]
[EventRounds "5"]
[EventCountry "DEN"]
[WhiteFideId "1408410"]
[BlackFideId "1461044"]

1. e4 c5 2. c3 Nf6 3. e5 Nd5 4. Nf3 e6 5. d4 cxd4 6. cxd4 Nc6 7. Be2 d6 8. exd6 Bxd6 9. O-O O-O 10. Nc3 Nxc3 11. bxc3 e5 12. d5 Ne7 13. Nd2 Nxd5 14. Ne4 Be7 15. Qb3 Nb6 16. Rd1 Qc7 17. Be3 Be6 18. Bxb6 axb6 19. c4 f5 20. Nc3 Bc5  1/2-1/2

[Event "Kort Paaske 1-1"]
[Site "Svendborg"]
[Date "2019.04.13"]
[Round "1"]
[White "Christensen, Anders"]
[Black "Aagaard, Gert"]
[Result "0-1"]
[WhiteElo "1918"]
[BlackElo "2033"]
[EventDate "2019.04.13"]
[EventRounds "5"]
[EventCountry "DEN"]
[WhiteFideId "1415921"]
[BlackFideId "1427024"]

1. e4 c5 2. Nf3 Nc6 3. d4 cxd4 4. Nxd4 Nf6 5. Nc3 e5 6. Ndb5 d6 7. a4 a6 8. Na3 Be6 9. Bc4 Be7 10. h3 O-O 11. O-O Rc8 12. Bxe6 fxe6 13. Bg5 Qb6 14. Qd3 Rfd8 15. Nc4 Qd4 16. Be3 Qxd3 17. cxd3 Nb4 18. Bb6 Rf8 19. Rad1 Rc6 20. Ba7 Nc2 21. Na5 Rcc8 22. Rc1 Nb4 23. Rfd1 d5 24. d4 dxe4 25. dxe5 Nfd5 26. Nxe4 b6 27. Nc4 Na2 28. Rc2 Rc7 29. Bxb6 Nxb6 30. Ne3 Rfc8 31. Rcd2 Nb4 32. Nd6 Rd8 33. a5 N6d5 34. Nec4 Bxd6 35. Nxd6 Nc6 36. Nc4 Rb7 37. Re2 Rb4 38. Rc2 Rf8 39. g3 Rb5 40. Na3 Ncb4 41. Nxb5 Nxc2  0-1

[Event "Kort Paaske 1-1"]
[Site "Svendborg"]
[Date "2019.04.13"]
[Round "1"]
[White "Falberg, Hugo"]
[Black "Steenstrup, Svend"]
[Result "0-1"]
[WhiteElo "1874"]
[BlackElo "1964"]
[EventDate "2019.04.13"]
[EventRounds "5"]
[EventCountry "DEN"]
[WhiteFideId "1406159"]
[BlackFideId "1409182"]

1. f4 d6 2. Nf3 e5 3. fxe5 g5 4. d4 g4 5. Bg5 f6 6. exf6 Nxf6 7. Nh4 Be7 8. Qd3 c6 9. Nc3 Rg8 10. Bxf6 Bxf6 11. Nf5 Bxf5 12. Qxf5 Qe7 13. O-O-O Bg5+ 14. Kb1 Be3 15. Qc8+ Kf7 16. Qf5+ Qf6 17. Qxf6+ Kxf6 18. Rd3 Re8 19. Nd1 Bg5 20. h3 h5 21. hxg4 hxg4 22. Nf2 Kf5 23. e4+ Kg6 24. Rg3 Nd7 25. Nxg4 Rh8 26. Rgh3 Rxh3 27. gxh3 Kh5 28. Nh2 Be3 29. Nf3 Nf6 30. Bd3 Re8 31. Re1 Nxe4 32. c4 d5 33. cxd5 cxd5 34. Kc2 Ng5 35. Ne5 Rc8+ 36. Kb3 Bxd4 37. Be2+ Kh6 38. Ng4+ Kg7 39. Rd1 Ne6 40. a3 Rc6 41. Ka2 Rc2 42. Rxd4 Nxd4 43. Bd3 Rd2 44. Bf1 a5 45. Ne3 a4 46. Nxd5 Rd1 47. Bg2 Nb3  0-1

[Event "Kort Paaske 1-1"]
[Site "Svendborg"]
[Date "2019.04.13"]
[Round "1"]
[White "Hansen, Ib Lynaes"]
[Black "Voll, Oddvar U"]
[Result "0-1"]
[WhiteElo "1846"]
[BlackElo "1914"]
[EventDate "2019.04.13"]
[EventRounds "5"]
[EventCountry "DEN"]
[WhiteFideId "1407511"]
[BlackFideId "1533827"]

1. c4 d6 2. g3 Nd7 3. Bg2 e5 4. d3 Ngf6 5. e3 Be7 6. Ne2 c6 7. Nbc3 Nf8 8. Rb1 g5 9. b4 Ng6 10. a4 h5 11. a5 h4 12. Rg1 hxg3 13. hxg3 Bh3 14. Bh1 Rc8 15. a6 b6 16. Ne4 Nxe4 17. Bxe4 f5 18. Bh1 b5 19. Qb3 bxc4 20. dxc4 e4 21. Bb2 Bf6 22. Bd4 Qe7 23. Qc3 O-O 24. Bxf6 Rxf6 25. Nd4 Ne5 26. c5 dxc5 27. bxc5 Qxc5 28. Kd2 Qxc3+ 29. Kxc3 c5 30. Nc2 Rxa6 31. Bg2 Bxg2 32. Rxg2 Rd8 33. Rb5 Rd3+ 34. Kb2 Rb6 35. Rxb6 axb6 36. Rg1 Rd2 37. Rf1 Rxf2 38. Rxf2 Nd3+ 39. Kc3 Nxf2 40. Kc4 Kf7 41. Kd5 Nd3 42. Na3 Kg6 43. g4 fxg4 44. Kxe4 Nf2+ 45. Kd5 g3 46. Nc4 g4  0-1

[Event "Kort Paaske 1-1"]
[Site "Svendborg"]
[Date "2019.04.13"]
[Round "1"]
[White "Kuhn, Morten"]
[Black "Nielsen, Michael Volstrup"]
[Result "0-1"]
[WhiteElo "1796"]
[BlackElo "1906"]
[EventDate "2019.04.13"]
[EventRounds "5"]
[EventCountry "DEN"]
[WhiteFideId "1442015"]
[BlackFideId "1454749"]

1. e4 d6 2. d4 Nf6 3. Nc3 Nbd7 4. Nf3 e5 5. Bc4 Be7 6. O-O h6 7. a4 a5 8. Re1 c6 9. h3 Qc7 10. Be3 Nf8 11. d5 g5 12. Nd2 Ng6 13. f3 Nf4 14. Kh2 Rg8 15. g4 Nd7 16. Rb1 Bd8 17. Nf1 Nb6 18. Bb3 h5 19. Ng3 hxg4 20. fxg4 Rh8 21. Bxf4 gxf4 22. Nf5 Bxf5 23. exf5 Bh4 24. Rh1 Rc8 25. Qd3 cxd5 26. Nxd5 Qc5 27. Rhf1 Bg3+ 28. Kg2 Nxd5 29. Qxd5 Qxd5+ 30. Bxd5 Rxc2+ 31. Kf3 Rxh3 32. Bxb7 Rd2 33. Rh1 Bh2+  0-1

[Event "Kort Paaske 1-1"]
[Site "Svendborg"]
[Date "2019.04.14"]
[Round "2"]
[White "Aagaard, Gert"]
[Black "Nielsen, Aage Sondergaard"]
[Result "1-0"]
[WhiteElo "2033"]
[BlackElo "1911"]
[EventDate "2019.04.13"]
[EventRounds "5"]
[EventCountry "DEN"]
[WhiteFideId "1427024"]
[BlackFideId "1409859"]

1. d4 Nf6 2. Bf4 e6 3. e3 d5 4. Nd2 Bd6 5. Bg3 O-O 6. Bd3 Nbd7 7. Ngf3 Re8 8. Ne5 Nf8 9. Qf3 Ng6 10. O-O c6 11. Qe2 Qc7 12. f4 c5 13. c3 b6 14. h4 Ne7 15. Bh2 g6 16. g4 Nd7 17. h5 Rf8 18. Ndf3 Nf6 19. hxg6 hxg6 20. Ng5 Nh7 21. Ngf3 Kg7 22. Qc2 c4 23. Be2 Nf6 24. Ng5 Nh7 25. Nxh7 Kxh7 26. Bg3 Kg7 27. Kg2 Bd7 28. Rh1 Rh8 29. Bh4 f6 30. Bg3 Bxe5 31. fxe5 f5 32. Bh4 Ng8 33. Rh2 Kf7 34. Rah1 Rh7 35. Bg5 Rg7 36. Rh8 Bc6 37. Qd1 Ne7 38. Bf6 Rxh8 39. Rxh8 fxg4 40. Bxg7 Kxg7 41. Qh1  1-0

[Event "Kort Paaske 1-1"]
[Site "Svendborg"]
[Date "2019.04.14"]
[Round "2"]
[White "Steenstrup, Svend"]
[Black "Grotnes, Nils"]
[Result "0-1"]
[WhiteElo "1964"]
[BlackElo "2180"]
[EventDate "2019.04.13"]
[EventRounds "5"]
[EventCountry "DEN"]
[WhiteFideId "1409182"]
[BlackFideId "1500317"]

1. d4 d5 2. c4 e6 3. Nf3 Nf6 4. g3 Be7 5. Bg2 O-O 6. O-O b6 7. Ne5 Bb7 8. Nd2 c5 9. dxc5 Bxc5 10. Nd3 Be7 11. b3 Nc6 12. Bb2 Qd7 13. a3 Rac8 14. b4 dxc4 15. Nxc4 b5 16. Nde5 Nxe5 17. Nxe5 Qxd1 18. Rfxd1 Bxg2 19. Kxg2 Rc2 20. Bd4 a6 21. Rac1 Rfc8 22. Bc5 Rxc1 23. Rxc1 Ne4 24. Be3 Rxc1 25. Bxc1 Bf6 26. Nd7 Bd4 27. Kf3 Nc3 28. Nb8 Na2 29. Ke4 Ba7 30. Bf4 Nc3+ 31. Kd3 Bxb8 32. Bxb8 Nb1 33. Kd4 Nxa3 34. Kc5 Nc4 35. Kc6 Kf8 36. Kb7 a5 37. bxa5 Nxa5+ 38. Kb6 Nb3 39. Be5 Nc1 40. Kxb5 Nxe2 41. Kc4 Ng1 42. Kd3 Nf3 43. Bd6+ Ke8 44. h4 g5 45. hxg5 Nxg5 46. f4 Nf3 47. Ke3 Kd7 48. Bb4 Nh2 49. Ke4 f5+ 50. Ke3 Kc6 51. Ba5 Kb5 52. Bc7 Kc4 53. Bb8 Ng4+ 54. Kf3 Kd3 55. Bd6 Kd2 56. Bb4+ Kd3 57. Bd6 h5 58. Bb4 Ne3 59. Bc5 Nc4 60. Ba7 Nd2+ 61. Kf2 Ne4+ 62. Kf3 Kd2 63. Bb6 Ke1 64. Ba5+ Kf1 65. Bb4 Nf6 66. Be7 Ng4 67. Bh4 Nh2+ 68. Ke3 Kg2 69. Kd4 Nf3+ 70. Kc5 Nxh4 71. gxh4 Kf3 72. Kd6 Kxf4 73. Kxe6 Kg4  0-1

[Event "Kort Paaske 1-1"]
[Site "Svendborg"]
[Date "2019.04.14"]
[Round "2"]
[White "Voll, Oddvar U"]
[Black "Ramkilde, Mikael"]
[Result "1/2-1/2"]
[WhiteElo "1914"]
[BlackElo "1949"]
[EventDate "2019.04.13"]
[EventRounds "5"]
[EventCountry "DEN"]
[WhiteFideId "1533827"]
[BlackFideId "1439391"]

1. e4 e6 2. d4 d5 3. Nd2 c5 4. c3 Nc6 5. Ngf3 Nf6 6. Bd3 dxe4 7. Nxe4 cxd4 8. cxd4 Bb4+ 9. Nc3 h6 10. O-O O-O 11. Bc2 Ne7 12. Qd3 Bd7 13. Ne5 Rc8 14. Ne4 Ned5 15. Nxf6+ Nxf6 16. Ng4 Re8 17. Ne5 a6 18. Nxd7 Qxd7 19. Be3 Red8 20. Rfd1 Bd6 21. h3 Bb8 22. Rac1 Qd6 23. g3 Qd5 24. Bb3 Qf3 25. Rxc8 Rxc8 26. Kh2 Ne4 27. Kg1 Bxg3 28. fxg3 Qxg3+ 29. Kf1 Qxh3+ 30. Kg1 Qg3+ 31. Kf1 Qf3+ 32. Kg1 Qg3+  1/2-1/2

[Event "Kort Paaske 1-1"]
[Site "Svendborg"]
[Date "2019.04.14"]
[Round "2"]
[White "Nielsen, Michael Volstrup"]
[Black "Poulsen, Peter Risgaard"]
[Result "1/2-1/2"]
[WhiteElo "1906"]
[BlackElo "1899"]
[EventDate "2019.04.13"]
[EventRounds "5"]
[EventCountry "DEN"]
[WhiteFideId "1454749"]
[BlackFideId "1407333"]

1. d4 e6 2. Bf4 f5 3. e3 Nf6 4. Bd3 b6 5. Nd2 Bb7 6. Ngf3 Be7 7. c3 O-O 8. h3 Ne4 9. Rg1 c5 10. g4 Bh4 11. Nxh4 Qxh4 12. Nxe4 fxe4 13. Bf1 d5 14. Bg3 Qf6 15. h4 Nc6  1/2-1/2

[Event "Kort Paaske 1-1"]
[Site "Svendborg"]
[Date "2019.04.14"]
[Round "2"]
[White "Sonderskov, Per"]
[Black "Hansen, Ib Lynaes"]
[Result "1/2-1/2"]
[WhiteElo "1747"]
[BlackElo "1846"]
[EventDate "2019.04.13"]
[EventRounds "5"]
[EventCountry "DEN"]
[WhiteFideId "1451790"]
[BlackFideId "1407511"]

1. b3 e5 2. Bb2 d6 3. e3 Be7 4. d4 exd4 5. Bxd4 Bf6 6. Nf3 Nc6 7. Bb5 Bd7 8. Bxf6 Nxf6 9. Nbd2 O-O 10. O-O Qe7 11. Re1 a6 12. Bxc6 bxc6 13. c4 c5 14. Rb1 a5 15. Qc2 Bc6 16. Rb2 g6 17. Qd1 Ng4 18. Nd4 Bd7 19. N4f3 Ne5 20. Nxe5 Qxe5 21. Rb1 a4 22. Nf3 Qe7 23. e4 axb3 24. axb3 Ra6 25. e5 Qd8 26. b4 cxb4 27. Rxb4 Qa8 28. Ng5 Bc6 29. f3 dxe5 30. Qd2 Ra1 31. Rbb1 Qa7+ 32. Kf1 Rxb1 33. Rxb1 Qd4 34. Qxd4 exd4 35. Rd1 Rd8 36. Ne4 Bxe4 37. fxe4 c5 38. Ke2 Ra8 39. Rc1 Kg7 40. Kf3 Kf6 41. Rb1 Ra3+ 42. Kf4 Rc3 43. e5+ Kg7 44. Rb7 Rxc4 45. e6 Kf8 46. Rxf7+ Ke8 47. Rxh7 d3+ 48. Ke3 Rd4 49. Rd7 Rxd7 50. exd7+ Kxd7 51. Kxd3 Kd6 52. Kc4 g5 53. h3 Ke5 54. g3 Ke4 55. h4 gxh4  1/2-1/2

[Event "Kort Paaske 1-1"]
[Site "Svendborg"]
[Date "2019.04.14"]
[Round "2"]
[White "Kirkebaekke, Mark"]
[Black "Kuhn, Morten"]
[Result "0-1"]
[WhiteElo "1873"]
[BlackElo "1796"]
[EventDate "2019.04.13"]
[EventRounds "5"]
[EventCountry "DEN"]
[WhiteFideId "1414917"]
[BlackFideId "1442015"]

1. e4 g6 2. d4 Bg7 3. Bc4 e6 4. Nc3 a6 5. a4 b6 6. d5 d6 7. h4 e5 8. f4 Nd7 9. Nf3 Ne7 10. h5 exf4 11. Bxf4 Ne5 12. Nxe5 dxe5 13. Bg5 Qd6 14. Qf3 h6 15. Bd2 g5 16. a5 b5 17. Bb3 O-O 18. Na2 c6 19. dxc6 Nxc6 20. O-O-O Qc7 21. Qc3 Bg4 22. Rdf1 Rac8 23. Qg3 Nd4 24. Kb1 Nxb3 25. cxb3 Qc2+ 26. Ka1 Qxd2 27. Qxg4 Rc2 28. Rb1 Qxg2 29. Qxg2 Rxg2 30. Rbc1 Re2 31. Rc6 Rxe4 32. Rxa6 f5 33. Rb6 f4 34. Rxb5 f3 35. Nc3 Re2 36. a6 Rd2 37. Ne4 Rd4 38. a7 Rd7 39. Ra5 Ra8 40. Rf1 Rdxa7 41. Rxa7 Rxa7+ 42. Kb1 Rf7 43. Kc2 Rf4 44. Kd3 Bf8 45. Ke3 g4 46. Rg1 Kf7 47. Rc1 Ke6 48. Rc4 Rf7 49. Ng3 f2 50. Rxg4 f1=Q 51. Nxf1 Rxf1 52. b4 Kd5 53. b5 Bc5+ 54. Kd3 Rf3+ 55. Kc2 Rf2+ 56. Kb3 Bd4 57. Ka4 Rxb2 58. Rg6 Be3 59. Ka5 e4 60. Rg8 Bc5 61. Ka6 Ra2+ 62. Kb7 Ra7+ 63. Kb8 Ra5 64. Rg5+  0-1

[Event "Kort Paaske 1-1"]
[Site "Svendborg"]
[Date "2019.04.14"]
[Round "2"]
[White "Moller, Albert Mechlenburg"]
[Black "Oehlerich, Per"]
[Result "1/2-1/2"]
[WhiteElo "1874"]
[BlackElo "1933"]
[EventDate "2019.04.13"]
[EventRounds "5"]
[EventCountry "DEN"]
[WhiteFideId "1447947"]
[BlackFideId "1408410"]

1. c4 g6 2. Nc3 Bg7 3. g3 d6 4. Bg2 Nf6 5. d4 Nbd7 6. e3 O-O 7. Nge2 e5 8. O-O Ne8 9. b3 f5 10. Ba3 e4 11. Rc1 c6 12. f3 exf3 13. Bxf3 Ndf6 14. Nf4 Nc7 15. e4 fxe4 16. Nxe4 Nxe4 17. Bxe4 Ne6 18. Nxe6 Rxf1+ 19. Kxf1 Bxe6 20. d5 Bh3+ 21. Bg2 Bxg2+ 22. Kxg2 c5 23. Rc2 Qd7 24. Bb2 Bxb2 25. Rxb2 Re8 26. Re2 Rxe2+ 27. Qxe2 Kf7 28. Qe4 Qe7  1/2-1/2

[Event "Kort Paaske 1-1"]
[Site "Svendborg"]
[Date "2019.04.14"]
[Round "2"]
[White "Christensen, John Christopher H"]
[Black "Falberg, Hugo"]
[Result "1/2-1/2"]
[WhiteElo "1826"]
[BlackElo "1874"]
[EventDate "2019.04.13"]
[EventRounds "5"]
[EventCountry "DEN"]
[WhiteFideId "1453947"]
[BlackFideId "1406159"]

1. e4 e5 2. Nf3 Nc6 3. Bc4 Nf6 4. Ng5 d5 5. exd5 Na5 6. Bb5+ c6 7. dxc6 bxc6 8. Be2 h6 9. Nf3 e4 10. Ne5 Bd6 11. d4 exd3 12. Nxd3 Qc7 13. h3 O-O 14. b3 Bf5 15. Bb2 Ne4 16. O-O Rad8 17. Nd2 Rfe8 18. Nf3 c5 19. c4 Nc6 20. Qc2 Re6 21. Rad1 g5 22. Nfe1 Nd4 23. Bxd4 cxd4 24. Bg4 Bxg4 25. hxg4 Nc3 26. Rd2 Bf4 27. Nxf4 Qxf4 28. Nf3 Qxg4 29. Nxd4 Rxd4 30. Qxc3 Rxd2 31. Qxd2 Re2 32. Qc3 Rxa2 33. c5 Qe2  1/2-1/2

[Event "Kort Paaske 1-1"]
[Site "Svendborg"]
[Date "2019.04.14"]
[Round "2"]
[White "Jacobsen, Jonathan Roed Gundorf"]
[Black "Christensen, Anders"]
[Result "1-0"]
[WhiteElo "1860"]
[BlackElo "1918"]
[EventDate "2019.04.13"]
[EventRounds "5"]
[EventCountry "DEN"]
[WhiteFideId "1461044"]
[BlackFideId "1415921"]

1. d4 f5 2. Nc3 Nf6 3. Bg5 h6 4. Bxf6 exf6 5. e3 g6 6. Bd3 d5 7. g4 c5 8. dxc5 Bxc5 9. gxf5 Nc6 10. fxg6 Be6 11. Qh5 Rg8 12. Nge2 Qd7 13. Nf4 Ne7 14. Bb5 Nc6 15. Nxe6 Qxe6 16. Qxd5 Qxd5 17. Nxd5 O-O-O 18. Nf4 Ne5 19. Ne6 Bb4+ 20. c3 Rd6 21. cxb4 Rxe6 22. Rc1+ Kb8 23. Be2 Rxg6 24. f4 Rc6 25. Rxc6 Nxc6 26. b5 Nb4 27. a3 Nd5 28. Kf2 Rg7 29. Bf3 Nb6 30. Rc1 Rd7 31. Ke2 Rd6 32. b3 f5 33. Rc5 Rf6 34. Re5 Nc8 35. Kd3 Rd6+ 36. Rd5 Rf6 37. Kd4 Nb6 38. Rd8+ Kc7 39. Rh8 Rd6+ 40. Kc3 Re6 41. Rh7+ Nd7 42. e4 Kd6 43. e5+ Nxe5 44. fxe5+ Kxe5 45. Bxb7 Kf4 46. Rf7 Re3+ 47. Kb4 Kg5 48. Bc8 Re5 49. Rxf5+  1-0

[Event "Kort Paaske 1-1"]
[Site "Svendborg"]
[Date "2019.04.14"]
[Round "3"]
[White "Grotnes, Nils"]
[Black "Aagaard, Gert"]
[Result "1-0"]
[WhiteElo "2180"]
[BlackElo "2033"]
[EventDate "2019.04.13"]
[EventRounds "5"]
[EventCountry "DEN"]
[WhiteFideId "1500317"]
[BlackFideId "1427024"]

1. d4 Nf6 2. c4 e6 3. Nc3 Bb4 4. e3 c5 5. Nge2 O-O 6. a3 Bxc3+ 7. Nxc3 cxd4 8. exd4 d5 9. c5 Ne4 10. Nxe4 dxe4 11. Be3 Nc6 12. Qd2 Ne7 13. Qc2 Bd7 14. Qxe4 Nd5 15. Bd3 f5 16. Qe5 Qa5+ 17. Bd2 Qa4 18. Rb1 Rae8 19. O-O Rf6 20. Rfc1 Qc6 21. b4 Rg6 22. g3 Bc8 23. b5 Qd7 24. Be2 Nf6 25. Bf3 Rd8 26. c6 bxc6 27. bxc6 Qxd4 28. Qxd4 Rxd4 29. Bg5 Ba6 30. Rb8+ Kf7 31. Rb7+  1-0

[Event "Kort Paaske 1-1"]
[Site "Svendborg"]
[Date "2019.04.14"]
[Round "3"]
[White "Ramkilde, Mikael"]
[Black "Nielsen, Michael Volstrup"]
[Result "1-0"]
[WhiteElo "1949"]
[BlackElo "1906"]
[EventDate "2019.04.13"]
[EventRounds "5"]
[EventCountry "DEN"]
[WhiteFideId "1439391"]
[BlackFideId "1454749"]

1. e4 d6 2. d4 Nf6 3. Nc3 Nbd7 4. Be3 e5 5. Bc4 Be7 6. f3 c6 7. Bb3 b5 8. Nge2 h6 9. d5 Bb7 10. dxc6 Bxc6 11. Ng3 g6 12. Qd2 h5 13. Rd1 Qc7 14. f4 Rd8 15. f5 h4 16. fxg6 fxg6 17. Nge2 Nxe4 18. Nd5 Qb7 19. Qd3 Ndf6 20. Nec3 Bxd5 21. Nxd5 Rd7 22. O-O h3 23. Nxf6+ Nxf6 24. Qxg6+ Kd8 25. Rxf6 Bxf6 26. Bd5  1-0

[Event "Kort Paaske 1-1"]
[Site "Svendborg"]
[Date "2019.04.14"]
[Round "3"]
[White "Poulsen, Peter Risgaard"]
[Black "Kuhn, Morten"]
[Result "1/2-1/2"]
[WhiteElo "1899"]
[BlackElo "1796"]
[EventDate "2019.04.13"]
[EventRounds "5"]
[EventCountry "DEN"]
[WhiteFideId "1407333"]
[BlackFideId "1442015"]

1. d4 Nf6 2. Nc3 d5 3. Bf4 c6 4. e3 Bf5 5. f3 h6 6. g4 Bh7 7. Bd3 e6 8. Nge2 Bd6 9. Qd2 Bxd3 10. Qxd3 Qc7 11. O-O-O Bxf4 12. exf4 Nbd7 13. Kb1 O-O-O 14. Qd2 g6 15. Nc1 Ne8 16. Nd3 Nd6 17. b3 Kb8 18. Na4 b6 19. Rhe1 h5 20. g5  1/2-1/2

[Event "Kort Paaske 1-1"]
[Site "Svendborg"]
[Date "2019.04.14"]
[Round "3"]
[White "Nielsen, Aage Sondergaard"]
[Black "Moller, Albert Mechlenburg"]
[Result "1-0"]
[WhiteElo "1911"]
[BlackElo "1874"]
[EventDate "2019.04.13"]
[EventRounds "5"]
[EventCountry "DEN"]
[WhiteFideId "1409859"]
[BlackFideId "1447947"]

1. e4 c5 2. Nc3 d6 3. f4 Nc6 4. Nf3 g6 5. Bb5 a6 6. Bxc6+ bxc6 7. O-O Bg7 8. d3 e6 9. Qe2 Ne7 10. Be3 O-O 11. Rab1 Rb8 12. Nd1 Qa5 13. a3 Re8 14. Bd2 Qb6 15. Kh1 Rb7 16. Bc3 Qc7 17. Bxg7 Kxg7 18. Nf2 Qb8 19. Qd2 Kg8 20. Ng4 Rd8 21. f5 h5 22. Qh6 hxg4 23. f6  1-0

[Event "Kort Paaske 1-1"]
[Site "Svendborg"]
[Date "2019.04.14"]
[Round "3"]
[White "Oehlerich, Per"]
[Black "Steenstrup, Svend"]
[Result "1/2-1/2"]
[WhiteElo "1933"]
[BlackElo "1964"]
[EventDate "2019.04.13"]
[EventRounds "5"]
[EventCountry "DEN"]
[WhiteFideId "1408410"]
[BlackFideId "1409182"]

1. b3 b5 2. Bb2 Bb7 3. e3 Nf6 4. Nf3 b4 5. d4 e6 6. Bd3 a5 7. O-O a4 8. bxa4 Rxa4 9. a3 Nc6 10. axb4 Rxa1 11. Bxa1 Nxb4 12. Nbd2 Nxd3 13. cxd3 Be7 14. Qc2 O-O 15. Rb1 Qa8 16. Bc3 Nd5 17. Ra1 Qb8 18. Rb1 Qa8 19. Ra1 Qc8 20. Ba5 Bd6 21. Nc4 Be7 22. e4 Nb4 23. Bxb4 Bxb4 24. Rb1 Be7 25. Ne3 d6 26. Qb3 Ba8 27. d5 exd5 28. Nxd5 Bxd5 29. Qxd5 Qa8 30. Qxa8 Rxa8 31. Kf1 f5 32. exf5 d5 33. g4 Ra2 34. Ne5 g6 35. fxg6 hxg6 36. Nf3 Kf7 37. d4 Bd6 38. h4 Bf4 39. h5 gxh5 40. gxh5 Kg7 41. Re1 Kh6 42. Ne5 Kxh5 43. Kg2 Kg5 44. Nf3+ Kg4 45. Re8 Rc2 46. Re7 Rc3 47. Rg7+ Kf5 48. Re7 Bd6 49. Re8 Kf4 50. Ng1 Rd3 51. Ne2+ Kf5 52. Rh8 c5 53. Rh5+ Ke6 54. dxc5 Be5 55. c6 Rd2 56. Kf3 d4 57. Ng3 Kd5 58. c7 Rc2 59. Kg4 Ke6 60. Kf3  1/2-1/2

[Event "Kort Paaske 1-1"]
[Site "Svendborg"]
[Date "2019.04.14"]
[Round "3"]
[White "Christensen, Anders"]
[Black "Kirkebaekke, Mark"]
[Result "0-1"]
[WhiteElo "1918"]
[BlackElo "1873"]
[EventDate "2019.04.13"]
[EventRounds "5"]
[EventCountry "DEN"]
[WhiteFideId "1415921"]
[BlackFideId "1414917"]

1. e4 b6 2. d4 Bb7 3. Nc3 e6 4. Be3 a6 5. Be2 Nf6 6. f3 d5 7. exd5 exd5 8. Qd2 Be7 9. O-O-O O-O 10. g4 Qd7 11. h4 b5 12. Nb1 b4 13. g5 Ne8 14. h5 Qa4 15. g6 fxg6 16. hxg6 hxg6 17. Bd3 Kf7 18. Nh3 Ke6 19. Nf4+ Kd7 20. Nxg6 Nd6 21. Nxf8+ Bxf8 22. Qg2 Qxa2 23. Qg4+ Kc6 24. Qg6 Nd7 25. Bf4 Nb6 26. Bxd6 Bxd6 27. b3 a5 28. Kd2 Rf8 29. Ke2 a4 30. Nd2 Qb2 31. Rh4 Bc8 32. Rb1 Qc3 33. bxa4 Rf6 34. Bb5+ Kb7 35. Qd3 Re6+ 36. Kf2 Qxd3 37. cxd3 c6 38. a5 cxb5 39. axb6 Kxb6 40. Rh8 Bd7 41. Rg8 Re7 42. Rg1 Bf4 43. Nf1 g5 44. Rh1 b3 45. Ng3 Ka5 46. Rb1 Kb4 47. Ra8 Be3+ 48. Kg2 Bxd4 49. Ne4 dxe4 50. dxe4 b2 51. Rg8 g4  0-1

[Event "Kort Paaske 1-1"]
[Site "Svendborg"]
[Date "2019.04.14"]
[Round "3"]
[White "Falberg, Hugo"]
[Black "Sonderskov, Per"]
[Result "0-1"]
[WhiteElo "1874"]
[BlackElo "1747"]
[EventDate "2019.04.13"]
[EventRounds "5"]
[EventCountry "DEN"]
[WhiteFideId "1406159"]
[BlackFideId "1451790"]

1. f4 d5 2. Nf3 c5 3. e3 g6 4. Be2 Bg7 5. O-O Nc6 6. Qe1 Nf6 7. Qh4 O-O 8. Nc3 Qc7 9. d3 e5 10. fxe5 Nxe5 11. Nxe5 Qxe5 12. d4 cxd4 13. exd4 Qe6 14. Bf3 Ne4 15. Ne2 f5 16. c3 Bf6 17. Qe1 g5 18. g3 b6 19. Qd1 Ba6 20. Re1 Qd7 21. Be3 Rae8 22. Qc1 h6 23. Kh1 Qd6 24. Qc2 Re6 25. Ng1 Bg7 26. Qg2 Ref6 27. Ne2 Re8 28. Rad1 Rfe6  0-1

[Event "Kort Paaske 1-1"]
[Site "Svendborg"]
[Date "2019.04.14"]
[Round "3"]
[White "Hansen, Ib Lynaes"]
[Black "Christensen, John Christopher H"]
[Result "1/2-1/2"]
[WhiteElo "1846"]
[BlackElo "1826"]
[EventDate "2019.04.13"]
[EventRounds "5"]
[EventCountry "DEN"]
[WhiteFideId "1407511"]
[BlackFideId "1453947"]

1. f4 Nh6 2. e4 c6 3. d4 d5 4. e5 Bg4 5. Be2 Bxe2 6. Qxe2 e6 7. Nf3 Qb6 8. Nc3 a6 9. O-O Nf5 10. Rd1 c5 11. Qd3 Nc6 12. dxc5 Bxc5+ 13. Kh1 Rd8 14. Na4 Qa7 15. Nxc5 Qxc5 16. c3 O-O 17. Nd4 Nfxd4 18. cxd4 Qe7 19. Qg3 f5 20. Qf2 Rd7 21. Bd2 Rc8 22. Rac1 Rdc7 23. Rc2 Nb4 24. Rxc7 Rxc7 25. Bxb4 Qxb4 26. h3 Qa4 27. b3 Qc6 28. Kh2 Qc2 29. Rd2 Qc6  1/2-1/2

[Event "Kort Paaske 1-1"]
[Site "Svendborg"]
[Date "2019.04.14"]
[Round "3"]
[White "Jacobsen, Jonathan Roed Gundorf"]
[Black "Voll, Oddvar U"]
[Result "0-1"]
[WhiteElo "1860"]
[BlackElo "1914"]
[EventDate "2019.04.13"]
[EventRounds "5"]
[EventCountry "DEN"]
[WhiteFideId "1461044"]
[BlackFideId "1533827"]

1. d4 d6 2. Nf3 Nf6 3. Bf4 Nbd7 4. c4 c6 5. Nc3 Qc7 6. e3 e5 7. Bg3 Nh5 8. Bd3 Nxg3 9. hxg3 g6 10. d5 Nc5 11. Bc2 a5 12. Rb1 Bg7 13. a3 Bg4 14. e4 O-O 15. Qd2 f6 16. Nd1 cxd5 17. cxd5 f5 18. Ne3 Bxf3 19. gxf3 f4 20. gxf4 Rxf4 21. Bd1 a4 22. Rc1 Nd3+ 23. Qxd3 Qxc1 24. Nc4 Rf6 25. Ke2 Rc8 26. Nb6 Qxb2+  0-1